000 00489nam a2200169Ia 4500
008 240729s9999 xx 000 0 und d
022 _a2342-7256
245 0 _aTemenos
260 _aFinland
260 _bFinnish Society for the Study of Religion
650 _a Religion (General)
650 _a Religions. Mythology. Rationalism
650 _aPhilosophy. Psychology. Religion
856 _uhttps://doaj.org/toc/8ab832d809554dbcb8b080106e407613
942 _2ddc
942 _cDOAJEJ
999 _c66869
_d66869
945 _a1
_bMadushi Gamage
_c1
_dMadushi Gamage